Fabergé flowers / (Record no. 21205)
[ view plain ]
| 000 -LEADER | |
|---|---|
| fixed length control field | 01522cam a22003614a 4500 |
| 001 - CONTROL NUMBER | |
| control field | 13456548 |
| 005 - DATE AND TIME OF LATEST TRANSACTION | |
| control field | 20170121095805.0 |
| 008 - FIXED-LENGTH DATA ELEMENTS--GENERAL INFORMATION | |
| fixed length control field | 040113s2004 nyua 001 0deng |
| 010 ## - LIBRARY OF CONGRESS CONTROL NUMBER | |
| LC control number | 2004000872 |
| 020 ## - INTERNATIONAL STANDARD BOOK NUMBER | |
| International Standard Book Number | 0810949539 |
| 035 ## - SYSTEM CONTROL NUMBER | |
| System control number | (OCoLC)ocm54046274 |
| 040 ## - CATALOGING SOURCE | |
| Original cataloging agency | DLC |
| Transcribing agency | DLC |
| Modifying agency | YDX |
| -- | OCL |
| -- | BAKER |
| -- | DLC |
| 042 ## - AUTHENTICATION CODE | |
| Authentication code | pcc |
| 043 ## - GEOGRAPHIC AREA CODE | |
| Geographic area code | e-ru--- |
| 050 00 - LIBRARY OF CONGRESS CALL NUMBER | |
| Classification number | NK7198 |
| Item number | .F18R44 2004 |
| 100 1# - MAIN ENTRY--PERSONAL NAME | |
| Personal name | Swezey, Marilyn Pfeifer. |
| 245 10 - TITLE STATEMENT | |
| Title | Fabergé flowers / |
| Statement of responsibility, etc. | Marilyn Pfeifer Swezey ; with Caroline de Guitaut ... [et al.] ; edited by Joyce Lasky Reed and Marilyn Pfeifer Swezey. |
| 260 ## - PUBLICATION, DISTRIBUTION, ETC. (IMPRINT) | |
| Place of publication, distribution, etc. | New York : |
| Name of publisher, distributor, etc. | Harry N. Abrams, Publishers, |
| Date of publication, distribution, etc. | 2004. |
| 300 ## - PHYSICAL DESCRIPTION | |
| Extent | 128 p. : |
| Other physical details | ill. (chiefly col.) ; |
| Dimensions | 21 cm. |
| 500 ## - GENERAL NOTE | |
| General note | Includes index. |
| 600 10 - SUBJECT ADDED ENTRY--PERSONAL NAME | |
| Personal name | Fabergé, Peter Carl, |
| Dates associated with a name | 1846-1920 |
| General subdivision | Criticism and interpretation. |
| 650 #0 - SUBJECT ADDED ENTRY--TOPICAL TERM | |
| Topical term or geographic name as entry element | Art objects |
| Geographic subdivision | Russia (Federation) |
| 650 #0 - SUBJECT ADDED ENTRY--TOPICAL TERM | |
| Topical term or geographic name as entry element | Flowers in art. |
| 650 #0 - SUBJECT ADDED ENTRY--TOPICAL TERM | |
| Topical term or geographic name as entry element | Decoration and ornament |
| General subdivision | Art nouveau. |
| 700 1# - ADDED ENTRY--PERSONAL NAME | |
| Personal name | Guitaut, Caroline de. |
| 700 1# - ADDED ENTRY--PERSONAL NAME | |
| Personal name | Reed, Joyce Lasky. |
| 856 41 - ELECTRONIC LOCATION AND ACCESS | |
| Materials specified | Table of contents |
| Uniform Resource Identifier | <a href="http://www.loc.gov/catdir/toc/ecip0413/2004000872.html">http://www.loc.gov/catdir/toc/ecip0413/2004000872.html</a> |
| 942 ## - ADDED ENTRY ELEMENTS (KOHA) | |
| Source of classification or shelving scheme | |
| Koha item type | Hard Covered Materials |
| Classification part | NK7198 .F18R44 2004 |
| Withdrawn status | Lost status | Source of classification or shelving scheme | Damaged status | Not for loan | Home library | Current library | Shelving location | Date acquired | Source of acquisition | Total Checkouts | Full call number | Barcode | Date last seen | Price effective from | Koha item type |
|---|---|---|---|---|---|---|---|---|---|---|---|---|---|---|---|
| MACHAKOS UNIVERSITY LIBRARY | MACHAKOS UNIVERSITY LIBRARY | Open shelf | 21/01/2017 | Donation(BFA) | NK7198 .F18R44 2004 | 31228 | 21/01/2017 | 21/01/2017 | Hard Covered Materials |